[Event "Bad Wörishofen op 2012 28th"]
[Site "Bad Wörishofen (2.3.-10.3)"]
[Date "2012.03.09"]
[Round "8.44"]
[White "Kuempers, Ulrich"]
[Black "Klein, Gereon"]
[Result "0-1"]
[WhiteElo "1946"]
[BlackElo "1836"]
[PlyCount "120"]
[EventDate "2012.03.??"]
[EventType "swiss"]
[EventRounds "9"]
[EventCountry "GER"]
[SourceDate "2013.02.18"]
[WhiteTeam "München Tarrasch SC"]
[BlackTeam "Kerpen 64 SK"]

1. d4 Nf6 2. c4 e6 3. Nc3 d5 4. Bg5 Be7 5. e3 O-O 6. Nf3 h6 7. Bh4 b6 8. cxd5
Nxd5 9. Nxd5 exd5 10. Bxe7 Qxe7 11. Rc1 Be6 12. Be2 c5 13. dxc5 bxc5 14. O-O
Rc8 15. Qa4 a5 16. Rfd1 Qb7 17. Bb5 Bd7 18. Bxd7 Nxd7 19. b3 Nf6 20. Qf4 Qb8
21. Qf5 a4 22. Rd3 axb3 23. axb3 c4 24. bxc4 dxc4 25. Rdc3 Qb4 26. h3 Rc5 27.
Qc2 Rac8 28. e4 Nd7 29. Rb1 Qa5 30. Rb7 R5c7 31. Rxc7 Qxc7 32. Nd2 Nb6 33. Qa2
Qe5 34. Qc2 Qc7 35. Ra3 Qc5 36. Rc3 Qc7 37. Rg3 Qe5 38. Rc3 Qc7 39. Nf3 Qc5 40.
e5 Nd5 41. Nd2 Nxc3 42. Qxc3 Qd5 43. f4 Qd3 44. Qxd3 cxd3 45. Kf2 g5 46. Ke3
Rd8 47. fxg5 hxg5 48. Ne4 Kg7 49. g4 Kg6 50. Kd2 Re8 51. Kxd3 Rxe5 52. Ng3 Ra5
53. Ke3 Ra3+ 54. Kf2 f6 55. Kg2 Kf7 56. Nf5 Ke6 57. h4 gxh4 58. Nxh4 Ke5 59.
Nf3+ Ke4 60. Nh2 Kf4 0-1

[Event "Bad Wörishofen op 2012 28th"]
[Site "Bad Wörishofen (2.3.-10.3)"]
[Date "2012.03.09"]
[Round "8.45"]
[White "Kretschel, Klaus"]
[Black "Natterer, Winfried"]
[Result "1-0"]
[WhiteElo "1956"]
[BlackElo "1658"]
[PlyCount "77"]
[EventDate "2012.03.??"]
[EventType "swiss"]
[EventRounds "9"]
[EventCountry "GER"]
[SourceDate "2013.02.18"]
[WhiteTeam "Germering SK"]
[BlackTeam "Dietmannsried SC"]

1. f4 d5 2. Nf3 Nf6 3. e3 e6 4. b3 c5 5. Bb2 Be7 6. Na3 a6 7. c4 O-O 8. Be2 b6
9. O-O Bb7 10. d3 Nc6 11. Nc2 a5 12. Ne5 Nd7 13. cxd5 exd5 14. d4 Nf6 15. Nxc6
Bxc6 16. dxc5 Bxc5 17. Bd4 Qd6 18. a4 Rfe8 19. Rf3 Ne4 20. Rc1 Re6 21. Bd3 f5
22. Be5 Qe7 23. Bxe4 dxe4 24. Rf2 Rd8 25. Rd2 Rxd2 26. Qxd2 Qd7 27. Bd4 Rd6 28.
Qc3 Bd5 29. Bxc5 bxc5 30. Qxc5 Bxb3 31. Nd4 Bxa4 32. Qxa5 Rxd4 33. exd4 Qxd4+
34. Kh1 e3 35. Rc8+ Kf7 36. Qxf5+ Ke7 37. Qc5+ Qd6 38. Qxe3+ Kd7 39. Qe8# 1-0

[Event "Bad Wörishofen op 2012 28th"]
[Site "Bad Wörishofen (2.3.-10.3)"]
[Date "2012.03.09"]
[Round "8.46"]
[White "Klaus, Daniel(64)"]
[Black "Deues, Erik"]
[Result "1-0"]
[WhiteElo "1894"]
[BlackElo "1987"]
[PlyCount "65"]
[EventDate "2012.03.??"]
[EventType "swiss"]
[EventRounds "9"]
[EventCountry "GER"]
[SourceDate "2013.02.18"]
[WhiteTeam "Möglingen SF"]
[BlackTeam "Germering SK"]

1. e4 c5 2. Nf3 Nc6 3. d4 cxd4 4. Nxd4 Nf6 5. Nc3 e5 6. Ndb5 d6 7. Bg5 a6 8.
Na3 b5 9. Nd5 Be7 10. Bxf6 Bxf6 11. c3 O-O 12. Nc2 Bg5 13. a4 bxa4 14. Rxa4 a5
15. b4 f5 16. b5 Ne7 17. Bc4 Kh8 18. Nxe7 Qxe7 19. Bd5 Bb7 20. exf5 Rxf5 21.
O-O h6 22. c4 Rf4 23. g3 Rf6 24. Ra3 Rff8 25. h4 Bf6 26. Ne3 Qc7 27. Qd3 Bxd5
28. Qxd5 Rfc8 29. Ra4 Qb6 30. Rd1 Rd8 31. Qe4 Rd7 32. Qxa8+ Rd8 33. Qxa5 1-0

[Event "Bad Wörishofen op 2012 28th"]
[Site "Bad Wörishofen (2.3.-10.3)"]
[Date "2012.03.09"]
[Round "8.48"]
[White "Mack, Thomas Dr(43)"]
[Black "Bigott, Martin"]
[Result "1-0"]
[WhiteElo "1906"]
[BlackElo "1778"]
[PlyCount "50"]
[EventDate "2012.03.??"]
[EventType "swiss"]
[EventRounds "9"]
[EventCountry "GER"]
[SourceDate "2013.02.18"]
[WhiteTeam "München Tarrasch SC"]
[BlackTeam "Lohmar SF"]

1. e4 Nf6 2. Nc3 e6 3. d4 d5 4. Bg5 dxe4 5. Nxe4 Be7 6. Bxf6 Bxf6 7. Nf3 Be7 8.
Bd3 h6 9. Qe2 c6 10. O-O-O a5 11. c4 b6 12. Kb1 Na6 13. a3 O-O 14. h4 f5 15.
Ne5 Qe8 16. g4 Nb4 17. axb4 axb4 18. Nd2 c5 19. Nb3 Bb7 20. Rhg1 Bxh4 21. gxf5
Qa4 22. Kc2 Rxf5 23. Bxf5 exf5 24. d5 Qe8 25. f4 Bxd5 1-0

[Event "Bad Wörishofen op 2012 28th"]
[Site "Bad Wörishofen (2.3.-10.3)"]
[Date "2012.03.09"]
[Round "8.49"]
[White "Frei, Markus"]
[Black "Muehlbach, Peter"]
[Result "0-1"]
[WhiteElo "1900"]
[BlackElo "1995"]
[PlyCount "28"]
[EventDate "2012.03.??"]
[EventType "swiss"]
[EventRounds "9"]
[EventCountry "GER"]
[SourceDate "2013.02.18"]
[WhiteTeam "Mörlenbach-Birkenau FB"]
[BlackTeam "Heidelberg-Kirchheim SG"]

1. e4 e5 2. Nf3 Nc6 3. Bc4 Nf6 4. Ng5 d5 5. exd5 Na5 6. Bb5+ c6 7. dxc6 bxc6 8.
Bd3 Nd5 9. Ne4 f5 10. Ng3 Bc5 11. O-O O-O 12. b3 Nf4 13. Be2 Qd5 14. Ba3 Qxg2#
0-1

[Event "Bad Wörishofen op 2012 28th"]
[Site "Bad Wörishofen (2.3.-10.3)"]
[Date "2012.03.09"]
[Round "8.51"]
[White "Bauder, Herbert"]
[Black "Schweizer, Manfred(59)"]
[Result "1/2-1/2"]
[WhiteElo "1838"]
[BlackElo "2004"]
[PlyCount "100"]
[EventDate "2012.03.??"]
[EventType "swiss"]
[EventRounds "9"]
[EventCountry "GER"]
[SourceDate "2013.02.18"]
[WhiteTeam "Berlin Lasker Steglitz SG"]
[BlackTeam "Memmingen Post SV"]

1. d4 Nf6 2. c4 c5 3. d5 e6 4. Nc3 exd5 5. cxd5 d6 6. Nf3 g6 7. a4 Bg7 8. Nd2
O-O 9. e4 Nbd7 10. Be2 Re8 11. O-O a6 12. Qc2 h5 13. Nc4 Ne5 14. Nxe5 Rxe5 15.
Bf4 Re8 16. h3 Qe7 17. Rfe1 Nd7 18. a5 Bd4 19. Bh2 Ne5 20. Bxe5 Qxe5 21. Bf3
Qf6 22. Ne2 Bxb2 23. Rab1 Be5 24. Qd3 Rb8 25. Rec1 Bd7 26. Nc3 c4 27. Qc2 h4
28. Na4 Bxh3 29. Nb6 Qg5 30. Kf1 Bg4 31. Bxg4 Qxg4 32. Nxc4 Bf4 33. Re1 Rec8
34. Qd3 Qg5 35. Nb6 Rc7 36. Re2 Re8 37. Rc2 Rce7 38. Rb4 f5 39. Re2 Bh2 40. Rc4
Qf4 41. e5 Qg5 42. e6 Be5 43. Rec2 h3 44. gxh3 Bh2 45. Qe3 f4 46. Qe4 Qh5 47.
Kg2 Rh7 48. R2c3 Bg3 49. Rxg3 fxg3 50. Qg4 gxf2 1/2-1/2

[Event "Bad Wörishofen op 2012 28th"]
[Site "Bad Wörishofen (2.3.-10.3)"]
[Date "2012.03.09"]
[Round "8.52"]
[White "Wilms, Robert"]
[Black "Fiedler, Wolfgang(61)"]
[Result "1/2-1/2"]
[WhiteElo "1867"]
[BlackElo "1892"]
[PlyCount "94"]
[EventDate "2012.03.??"]
[EventType "swiss"]
[EventRounds "9"]
[EventCountry "GER"]
[SourceDate "2013.02.18"]
[WhiteTeam "Hamburg 1934 SF"]
[BlackTeam "Zirndorf SK"]

1. e4 g6 2. d4 Bg7 3. Nf3 c6 4. Bc4 d5 5. exd5 cxd5 6. Bd3 Nc6 7. c3 f5 8. O-O
Nf6 9. Na3 O-O 10. Bf4 Ne4 11. Qc1 a6 12. Bh6 b5 13. Bxg7 Kxg7 14. Nc2 Qd6 15.
Nfe1 e5 16. dxe5 Nxe5 17. Nd4 Bd7 18. f4 Nf7 19. a3 Rfc8 20. Nef3 h6 21. Re1
Rab8 22. Bxe4 dxe4 23. Nh4 Qf6 24. g3 Rc7 25. Qe3 Rbc8 26. Rad1 Nd6 27. Ng2 Nc4
28. Qe2 Be6 29. Nxe6+ Qxe6 30. Ne3 Rd7 31. Rxd7+ Qxd7 32. Rd1 Qa7 33. Rd4 Nxe3
34. Qxe3 Rc7 35. Kf2 Rd7 36. Rxd7+ Qxd7 37. Ke2 Kf7 38. b3 Qd6 39. a4 bxa4 40.
bxa4 Ke6 41. a5 Qc6 42. Qd4 Qb5+ 43. Ke3 Qxa5 44. Qc4+ Kd6 45. Qd4+ Kc6 46.
Qf6+ Kc5 47. Qd4+ Kc6 1/2-1/2

[Event "Bad Wörishofen op 2012 28th"]
[Site "Bad Wörishofen (2.3.-10.3)"]
[Date "2012.03.09"]
[Round "8.53"]
[White "Guggenberger, Guido"]
[Black "Ditmas, Hugh"]
[Result "1/2-1/2"]
[WhiteElo "1950"]
[BlackElo "1883"]
[PlyCount "29"]
[EventDate "2012.03.??"]
[EventType "swiss"]
[EventRounds "9"]
[EventCountry "GER"]
[SourceDate "2013.02.18"]
[WhiteTeam "München Tarrasch SC"]
[BlackTeam "Bremer 1877 SG"]

1. d4 Nf6 2. c4 e6 3. Nc3 Bb4 4. e3 O-O 5. Nge2 d5 6. a3 Bd6 7. c5 Be7 8. b4 c6
9. Bb2 Nbd7 10. Ng3 b6 11. Be2 a5 12. O-O Bb7 13. f3 axb4 14. axb4 Rxa1 15.
Bxa1 1/2-1/2

[Event "Bad Wörishofen op 2012 28th"]
[Site "Bad Wörishofen (2.3.-10.3)"]
[Date "2012.03.09"]
[Round "8.54"]
[White "Marzec, Witold"]
[Black "Goris, Ton"]
[Result "0-1"]
[WhiteElo "1729"]
[BlackElo "1943"]
[PlyCount "98"]
[EventDate "2012.03.??"]
[EventType "swiss"]
[EventRounds "9"]
[EventCountry "GER"]
[SourceDate "2013.02.18"]
[WhiteTeam "Bonner SG "L""]
[BlackTeam "NED/Niederlande"]
[BlackTeamCountry "NED"]

1. d4 c5 2. d5 Nf6 3. c4 e6 4. Nc3 exd5 5. cxd5 d6 6. e4 g6 7. Nf3 Bg7 8. Be2
O-O 9. O-O Bg4 10. h3 Bxf3 11. Bxf3 a6 12. a4 Nbd7 13. Qc2 Re8 14. Re1 Rb8 15.
Be2 Qc7 16. Bd2 c4 17. Be3 Nc5 18. f3 b5 19. axb5 axb5 20. Bf2 Nfd7 21. Bf1 Ne5
22. f4 Ned3 23. Bxd3 Nxd3 24. Ra7 Nxe1 25. Qd2 Qc8 26. Qxe1 b4 27. Na4 c3 28.
Nb6 Qd8 29. Rd7 Qf6 30. g3 c2 31. Rc7 Qxb2 32. e5 dxe5 33. Qd2 c1=Q+ 34. Qxc1
Qxc1+ 35. Rxc1 exf4 36. gxf4 b3 37. d6 b2 38. Rb1 Re2 39. d7 Rc2 40. Nc8 Rbxc8
41. dxc8=Q+ Rxc8 42. Be3 Rc2 43. Rd1 f5 44. Rd8+ Kf7 45. Rd7+ Ke6 46. Rd1 Bd4
47. Bxd4 Rc1 48. Bxb2 Rxd1+ 49. Kf2 Rd2+ 0-1

[Event "Bad Wörishofen op 2012 28th"]
[Site "Bad Wörishofen (2.3.-10.3)"]
[Date "2012.03.09"]
[Round "8.55"]
[White "Remensberger, Hansuli"]
[Black "Koelbl, Jonathan"]
[Result "1/2-1/2"]
[WhiteElo "2018"]
[BlackElo "1848"]
[PlyCount "101"]
[EventDate "2012.03.??"]
[EventType "swiss"]
[EventRounds "9"]
[EventCountry "GER"]
[SourceDate "2013.02.18"]
[WhiteTeam "SUI/Schweiz"]
[BlackTeam "Klosterlechfeld SK"]
[WhiteTeamCountry "SUI"]

1. d4 d6 2. Nf3 c6 3. c3 Nf6 4. Bf4 Nbd7 5. h3 Qc7 6. Bh2 e5 7. e3 Be7 8. Be2
b6 9. O-O Bb7 10. c4 O-O-O 11. Nc3 Rdg8 12. dxe5 dxe5 13. Nd4 g5 14. Nf5 Bf8
15. Rc1 h5 16. Nd5 Nxd5 17. cxd5 c5 18. e4 Bd6 19. b4 h4 20. bxc5 Nxc5 21. Bg4
Kb8 22. Re1 Qd8 23. a4 a5 24. Rb1 Ka7 25. Qc2 Rg6 26. Ne3 Qe8 27. Nc4 Qxa4 28.
Qxa4 Nxa4 29. Nxd6 Rxd6 30. Bxe5 Rhd8 31. Bxd6 Rxd6 32. Re3 Nc5 33. Be2 Ba6 34.
Bxa6 Kxa6 35. f3 b5 36. Rc3 Na4 37. Rc8 b4 38. Kf2 Kb5 39. Rbc1 b3 40. Rb1 Kb4
41. e5 Rxd5 42. Rb8+ Kc4 43. R1xb3 Nc5 44. Rb1 Rxe5 45. Rc1+ Kd5 46. Rd8+ Kc6
47. Rc8+ Kb5 48. Kf1 a4 49. Rb8+ Ka5 50. Ra8+ Kb5 51. Rb8+ 1/2-1/2

[Event "Bad Wörishofen op 2012 28th"]
[Site "Bad Wörishofen (2.3.-10.3)"]
[Date "2012.03.09"]
[Round "8.56"]
[White "Santos, Paulo"]
[Black "Harsch, Martin"]
[Result "1/2-1/2"]
[WhiteElo "1690"]
[BlackElo "1837"]
[PlyCount "60"]
[EventDate "2012.03.??"]
[EventType "swiss"]
[EventRounds "9"]
[EventCountry "GER"]
[SourceDate "2013.02.18"]
[WhiteTeam "Lechhausen SC"]
[BlackTeam "SUI/Schweiz"]
[BlackTeamCountry "SUI"]

1. e4 c6 2. d4 d5 3. f3 e6 4. Nc3 Bb4 5. Nge2 Nf6 6. Qd3 b6 7. Bf4 Nh5 8. Qe3
Nxf4 9. Qxf4 Ba6 10. O-O-O Nd7 11. a3 Be7 12. Qg3 O-O 13. Kb1 Nf6 14. e5 Nd7
15. f4 c5 16. Qf3 Qc7 17. g3 Rfc8 18. h4 Bc4 19. Bh3 Bxe2 20. Qxe2 a6 21. Rhe1
cxd4 22. Rxd4 b5 23. f5 Nc5 24. fxe6 fxe6 25. Nxd5 exd5 26. Bxc8 Rxc8 27. Rxd5
Ne6 28. Qd3 Qc6 29. Rd1 Bf8 30. c3 Nc5 1/2-1/2

[Event "Bad Wörishofen op 2012 28th"]
[Site "Bad Wörishofen (2.3.-10.3)"]
[Date "2012.03.09"]
[Round "8.57"]
[White "Kerber, Alfred"]
[Black "Funke, Joerg-Dietmar"]
[Result "1-0"]
[WhiteElo "1865"]
[BlackElo "1729"]
[PlyCount "46"]
[EventDate "2012.03.??"]
[EventType "swiss"]
[EventRounds "9"]
[EventCountry "GER"]
[SourceDate "2013.02.18"]
[WhiteTeam "AUT/Reutte SK"]
[BlackTeam "Naunhof SC"]
[WhiteTeamCountry "AUT"]

1. e4 e5 2. Nc3 Nc6 3. Bc4 Bc5 4. d3 d6 5. Nf3 Na5 6. Bb3 Nxb3 7. axb3 a6 8.
Bg5 f6 9. Be3 Bxe3 10. fxe3 Ne7 11. Nh4 Be6 12. O-O Qd7 13. Qh5+ Bf7 14. Qf3
O-O-O 15. b4 c5 16. bxc5 dxc5 17. Na4 Kb8 18. Nxc5 Qc6 19. b4 Qb5 20. Nf5 Nxf5
21. exf5 Bd5 22. e4 Bf7 23. c4 Qxb4 1-0

[Event "Bad Wörishofen op 2012 28th"]
[Site "Bad Wörishofen (2.3.-10.3)"]
[Date "2012.03.09"]
[Round "8.58"]
[White "Gajewski, Richard"]
[Black "Sakowski, Christian"]
[Result "0-1"]
[WhiteElo "1681"]
[BlackElo "1864"]
[PlyCount "94"]
[EventDate "2012.03.??"]
[EventType "swiss"]
[EventRounds "9"]
[EventCountry "GER"]
[SourceDate "2013.02.18"]
[WhiteTeam "Gunzenhausen FC"]
[BlackTeam "Türkheim/Wörishofen SC"]

1. e4 c6 2. f4 g6 3. d4 d5 4. Bd3 dxe4 5. Bxe4 Nf6 6. Bf3 Bg7 7. c3 O-O 8. Ne2
Bg4 9. Bxg4 Nxg4 10. Ng3 Nf6 11. O-O e6 12. Nd2 Nbd7 13. Nf3 Qc7 14. b3 Nd5 15.
Ne2 Rfd8 16. Qe1 Rac8 17. Qh4 N7f6 18. g4 c5 19. Bb2 cxd4 20. cxd4 Nb6 21. Ne5
Nbd5 22. f5 exf5 23. gxf5 Ne3 24. fxg6 hxg6 25. Rxf6 Bxf6 26. Qxf6 Rd6 27. Qf2
Nf5 28. Rf1 Qd8 29. Ng4 Qg5 30. h3 Rc2 31. Bc1 Qe7 32. Re1 Re6 33. Ne5 Nxd4 34.
Qxd4 Rxe5 35. Bb2 Qc5 36. Qxc5 Rexc5 37. Bd4 Rg5+ 38. Kf2 Rxa2 39. Kf3 Ra3 40.
Nc1 Rf5+ 41. Kg4 Kf8 42. Bc3 Ra6 43. Bb4+ Kg7 44. Bc3+ Kf8 45. Bb4+ Kg7 46. Re8
Re6 47. Ne2 Rxe8 0-1

[Event "Bad Wörishofen op 2012 28th"]
[Site "Bad Wörishofen (2.3.-10.3)"]
[Date "2012.03.09"]
[Round "8.59"]
[White "Russ, Oliver(76)"]
[Black "Fenske, Wolfgang"]
[Result "1/2-1/2"]
[WhiteElo "1491"]
[BlackElo "1761"]
[PlyCount "42"]
[EventDate "2012.03.??"]
[EventType "swiss"]
[EventRounds "9"]
[EventCountry "GER"]
[SourceDate "2013.02.18"]
[WhiteTeam "Schwarzenberg-Raschau SG"]
[BlackTeam "Hamburg KSpr. SC"]

1. e4 c5 2. Nf3 Nc6 3. Nc3 g6 4. d4 cxd4 5. Nxd4 Bg7 6. Be3 d6 7. Be2 Nf6 8.
Qd2 O-O 9. O-O Bd7 10. f4 Rc8 11. f5 Ne5 12. h3 Nc4 13. Bxc4 Rxc4 14. Rac1 a6
15. Qd3 Rc8 16. Nd5 Nxd5 17. exd5 Qa5 18. fxg6 hxg6 19. Qb3 b5 20. a3 Qc7 21.
Qd3 Qb7 1/2-1/2

[Event "Bad Wörishofen op 2012 28th"]
[Site "Bad Wörishofen (2.3.-10.3)"]
[Date "2012.03.09"]
[Round "8.60"]
[White "Reichenbacher, Gerhard"]
[Black "Mattes, Heinz Dr"]
[Result "0-1"]
[WhiteElo "1733"]
[BlackElo "1948"]
[PlyCount "72"]
[EventDate "2012.03.??"]
[EventType "swiss"]
[EventRounds "9"]
[EventCountry "GER"]
[SourceDate "2013.02.18"]
[WhiteTeam "Coburger SV"]
[BlackTeam "München Siemens SK"]

1. c4 Nf6 2. g3 g6 3. Bg2 Bg7 4. Nc3 O-O 5. e4 d6 6. Nge2 c5 7. O-O Nc6 8. a3
Bg4 9. h3 Bd7 10. Rb1 a5 11. d3 Ne8 12. f4 Nc7 13. Nd5 a4 14. Nec3 Nxd5 15.
exd5 Nd4 16. Ne4 b5 17. Be3 Nb3 18. Nd2 bxc4 19. dxc4 Bf5 20. Ne4 Qb6 21. g4
Bc8 22. Nd2 Ba6 23. Nxb3 Qxb3 24. Qxb3 axb3 25. Rfc1 Rfb8 26. Bf1 Bc8 27. Bd2
Bd4+ 28. Kg2 Kf8 29. Kf3 e6 30. Bc3 Bxc3 31. Rxc3 Ra4 32. Ke3 Ba6 33. Rd1 Ke7
34. Kd2 exd5 35. cxd5 Rd4+ 36. Bd3 c4 0-1

[Event "Bad Wörishofen op 2012 28th"]
[Site "Bad Wörishofen (2.3.-10.3)"]
[Date "2012.03.09"]
[Round "8.61"]
[White "Moors, Marc"]
[Black "Buchaeckert, Juergen"]
[Result "1/2-1/2"]
[WhiteElo "1879"]
[BlackElo "1816"]
[PlyCount "58"]
[EventDate "2012.03.??"]
[EventType "swiss"]
[EventRounds "9"]
[EventCountry "GER"]
[SourceDate "2013.02.18"]
[WhiteTeam "Brasschaat SK"]
[BlackTeam "Ludwigshafen 1912 SK"]

1. d4 Nf6 2. Nf3 g6 3. e3 Bg7 4. c4 O-O 5. Nc3 d5 6. Be2 c5 7. O-O cxd4 8. Nxd4
Nc6 9. Nxc6 bxc6 10. Qc2 Bf5 11. Bd3 Bxd3 12. Qxd3 Rb8 13. Rb1 Qa5 14. cxd5
Nxd5 15. Nxd5 cxd5 16. a3 e6 17. b4 Qb5 18. Qxb5 Rxb5 19. Bd2 Rfb8 20. a4 R5b7
21. Rbc1 a6 22. Rc6 Rb6 23. Rxb6 Rxb6 24. Rb1 Bf8 25. b5 axb5 26. axb5 Bc5 27.
Kf1 Kf8 28. Ke2 Ke7 29. Kd3 Kd7 1/2-1/2

[Event "Bad Wörishofen op 2012 28th"]
[Site "Bad Wörishofen (2.3.-10.3)"]
[Date "2012.03.09"]
[Round "8.62"]
[White "Feicht, Roland"]
[Black "Strasser, Josef"]
[Result "1/2-1/2"]
[WhiteElo "1565"]
[BlackElo "1813"]
[PlyCount "30"]
[EventDate "2012.03.??"]
[EventType "swiss"]
[EventRounds "9"]
[EventCountry "GER"]
[SourceDate "2013.02.18"]
[WhiteTeam "Augsburg Rochade SK"]
[BlackTeam "München SU"]

1. e4 d5 2. exd5 Nf6 3. d4 Nxd5 4. Nf3 Bg4 5. Be2 e6 6. O-O Be7 7. c4 Nb6 8.
Nc3 O-O 9. h3 Bh5 10. Be3 Bf6 11. Rc1 Nc6 12. g4 Bg6 13. g5 Be7 14. d5 Na5 15.
Bf4 Naxc4 1/2-1/2

[Event "Bad Wörishofen op 2012 28th"]
[Site "Bad Wörishofen (2.3.-10.3)"]
[Date "2012.03.09"]
[Round "8.63"]
[White "Dahmen, Juergen"]
[Black "Margraf, Christoph"]
[Result "1/2-1/2"]
[WhiteElo "1674"]
[BlackElo "1808"]
[PlyCount "95"]
[EventDate "2012.03.??"]
[EventType "swiss"]
[EventRounds "9"]
[EventCountry "GER"]
[SourceDate "2013.02.18"]
[WhiteTeam "Wolfbusch SV"]
[BlackTeam "Ansbach SC"]

1. c4 e6 2. Nc3 d5 3. cxd5 exd5 4. d4 Be7 5. Nf3 c6 6. Bf4 Nf6 7. h3 O-O 8. e3
Bf5 9. Bd3 Bxd3 10. Qxd3 Nbd7 11. O-O Re8 12. a3 a5 13. Rfc1 Nf8 14. Na4 Ne4
15. Bh2 Ne6 16. Nd2 Nxd2 17. Qxd2 Bd6 18. Bxd6 Qxd6 19. Nc5 Nxc5 20. Rxc5 Qd8
21. Rac1 Re6 22. Qc3 Rg6 23. Qb3 Qd7 24. Kh2 Qc7+ 25. Kh1 a4 26. Qb4 Qe7 27.
Ra5 Qxb4 28. axb4 Rb8 29. Rxa4 Kf8 30. Rca1 Ke7 31. b5 cxb5 32. Rb4 Ra6 33. Ra3
Rxa3 34. bxa3 Kd6 35. Rxb5 b6 36. Kh2 Kc6 37. Rb3 Ra8 38. Kg3 Re8 39. Rc3+ Kb7
40. Kf4 Re4+ 41. Kf3 Re6 42. Ke2 Rg6 43. g3 Re6 44. h4 h5 45. Kd3 Rf6 46. Rc2
Re6 47. Kc3 f6 48. Kd3 1/2-1/2

[Event "Bad Wörishofen op 2012 28th"]
[Site "Bad Wörishofen (2.3.-10.3)"]
[Date "2012.03.09"]
[Round "8.64"]
[White "Rennenkampff, Juergen"]
[Black "Mueller, Wolfgang(10.61)"]
[Result "0-1"]
[WhiteElo "1678"]
[BlackElo "1753"]
[PlyCount "106"]
[EventDate "2012.03.??"]
[EventType "swiss"]
[EventRounds "9"]
[EventCountry "GER"]
[SourceDate "2013.02.18"]
[WhiteTeam "Trudering SC"]
[BlackTeam "Marktoberdorf SK"]

1. c4 c5 2. Nc3 Nf6 3. g3 g6 4. Bg2 Bg7 5. e3 O-O 6. Nge2 d6 7. O-O Qc7 8. Rb1
Nc6 9. a3 Bf5 10. d3 Qd7 11. Nf4 g5 12. e4 gxf4 13. exf5 Qxf5 14. Bxc6 bxc6 15.
Bxf4 e5 16. Be3 Qh3 17. Qf3 Ng4 18. Qg2 Qxg2+ 19. Kxg2 Nxe3+ 20. fxe3 f5 21. e4
f4 22. gxf4 exf4 23. Ne2 Be5 24. Rf3 Rab8 25. b3 Rb7 26. Kh1 a5 27. a4 Rf6 28.
h3 h6 29. Kh2 Kh7 30. Kh1 h5 31. Kh2 h4 32. Kh1 Kh6 33. Kh2 Rf8 34. Kh1 Rfb8
35. Nc1 Rb4 36. d4 cxd4 37. Ra1 d3 38. Ra2 Rg8 39. Rxd3 Rg3 40. Rxg3 hxg3 41.
Kg2 Kg5 42. Rd2 c5 43. Rd3 Rb8 44. Ne2 Rf8 45. Ng1 Bd4 46. Nf3+ Kf6 47. Nxd4
cxd4 48. Kf3 Ke5 49. Rd1 Rb8 50. Rb1 d3 51. Rb2 Rh8 52. b4 axb4 53. Rxb4 Rg8
0-1

[Event "Bad Wörishofen op 2012 28th"]
[Site "Bad Wörishofen (2.3.-10.3)"]
[Date "2012.03.09"]
[Round "8.65"]
[White "Wiesbeck, Florian"]
[Black "Herold, Gunther"]
[Result "0-1"]
[WhiteElo "1615"]
[BlackElo "1723"]
[PlyCount "74"]
[EventDate "2012.03.??"]
[EventType "swiss"]
[EventRounds "9"]
[EventCountry "GER"]
[SourceDate "2013.02.18"]
[WhiteTeam "AUT/Österreich"]
[BlackTeam "Obergünzburg SC"]
[WhiteTeamCountry "AUT"]

1. d4 Nf6 2. c4 e5 3. dxe5 Ng4 4. e4 Nxe5 5. f4 Nec6 6. Be3 Bb4+ 7. Nc3 Qh4+ 8.
g3 Qe7 9. Bg2 Bxc3+ 10. bxc3 d6 11. Ne2 O-O 12. Nd4 f5 13. O-O fxe4 14. Re1 Nd7
15. Bf2 Nf6 16. Nb3 Bg4 17. Qc2 Bf5 18. Nd4 Nxd4 19. cxd4 Qd7 20. Qb3 c6 21.
Rac1 d5 22. c5 Kh8 23. a4 Rab8 24. a5 Ne8 25. Rc3 Nc7 26. Qb4 Rf6 27. Ra1 Nb5
28. Rb3 a6 29. Qe1 Bh3 30. Bh1 Rg6 31. Qe3 Qg4 32. Re1 Rf8 33. Bg2 Bxg2 34.
Kxg2 Rxf4 35. h3 Qf5 36. Qe2 Qf8 37. Rf1 Rf7 0-1

[Event "Bad Wörishofen op 2012 28th"]
[Site "Bad Wörishofen (2.3.-10.3)"]
[Date "2012.03.09"]
[Round "8.66"]
[White "Kluegel, Jan"]
[Black "Koch, Harald"]
[Result "1-0"]
[WhiteElo "1834"]
[BlackElo "1834"]
[PlyCount "57"]
[EventDate "2012.03.??"]
[EventType "swiss"]
[EventRounds "9"]
[EventCountry "GER"]
[SourceDate "2013.02.18"]
[WhiteTeam "Rendsburg VHS SV"]
[BlackTeam "Kissing SK"]

1. d4 Nc6 2. Nf3 Nf6 3. Nbd2 d6 4. e4 e5 5. c3 g6 6. Bd3 Bg7 7. O-O O-O 8. Re1
Bg4 9. h3 Bd7 10. Nf1 Nh5 11. Be3 Nf4 12. Bxf4 exf4 13. Qd2 g5 14. Re2 Qf6 15.
e5 Qh6 16. exd6 cxd6 17. Rae1 Bxh3 18. gxh3 Qxh3 19. N1h2 Bh6 20. Qc2 f5 21.
Re6 Rf7 22. Rxd6 Raf8 23. Bc4 Kh8 24. Bxf7 Rxf7 25. Re8+ Rf8 26. Qe2 g4 27.
Rxf8+ Bxf8 28. Qe8 Kg7 29. Rd7+ 1-0

[Event "Bad Wörishofen op 2012 28th"]
[Site "Bad Wörishofen (2.3.-10.3)"]
[Date "2012.03.09"]
[Round "8.67"]
[White "Sonnhalter, Stella"]
[Black "Schinnerl, Werner"]
[Result "1-0"]
[WhiteElo "1889"]
[BlackElo "1854"]
[PlyCount "47"]
[EventDate "2012.03.??"]
[EventType "swiss"]
[EventRounds "9"]
[EventCountry "GER"]
[SourceDate "2013.02.18"]
[WhiteTeam "Heusweiler Reti SC"]
[BlackTeam "AUT/Reutte"]
[BlackTeamCountry "AUT"]

1. e4 e5 2. Nf3 Nc6 3. Bc4 Nf6 4. d3 h6 5. c3 Bc5 6. Nbd2 d6 7. Bb3 Bg4 8. h3
Bh5 9. Nf1 Qd7 10. Ng3 g6 11. a4 a5 12. O-O O-O-O 13. Nxh5 Nxh5 14. d4 exd4 15.
cxd4 Bb6 16. Be3 Nb4 17. Rc1 Ng7 18. Qe2 g5 19. d5 Bxe3 20. Qxe3 Kb8 21. e5
Rde8 22. Rfe1 Qf5 23. Qc3 Re7 24. exd6 1-0

[Event "Bad Wörishofen op 2012 28th"]
[Site "Bad Wörishofen (2.3.-10.3)"]
[Date "2012.03.09"]
[Round "8.68"]
[White "Wiessner, Johann"]
[Black "Wieczorek(vm.Bruder), Heinz"]
[Result "0-1"]
[WhiteElo "1755"]
[BlackElo "1702"]
[PlyCount "72"]
[EventDate "2012.03.??"]
[EventType "swiss"]
[EventRounds "9"]
[EventCountry "GER"]
[SourceDate "2013.02.18"]
[WhiteTeam "Lechhausen SC"]
[BlackTeam "Nürnberg Süd SW"]

1. d4 Nf6 2. c4 c5 3. d5 e6 4. Nc3 exd5 5. cxd5 d6 6. e4 g6 7. Nf3 Nbd7 8. h3
Bg7 9. Be2 a6 10. a4 O-O 11. O-O Re8 12. Qc2 h6 13. Bf4 Qe7 14. Nd2 Ne5 15. Bh2
g5 16. f4 Ng6 17. fxg5 hxg5 18. Kh1 g4 19. hxg4 Nxg4 20. Bxg4 Bxg4 21. Nf3 Bf6
22. Qf2 Kg7 23. Qg3 Bxf3 24. gxf3 Rh8 25. Kg2 Be5 26. f4 Bd4 27. Rae1 Rag8 28.
Kh1 Kf8 29. Qg4 Qd8 30. f5 Ne5 31. Qf4 Nd3 32. Qf3 Nxe1 33. Rxe1 Rxh2+ 34. Kxh2
Qh4+ 35. Qh3 Be5+ 36. Kh1 Qxh3# 0-1